Designing surveys : (Record no. 16692)
[ view plain ]
| 000 -LEADER | |
|---|---|
| fixed length control field | 00718cam a2200241 a 4500 |
| 003 - CONTROL NUMBER IDENTIFIER | |
| control field | OSt |
| 005 - DATE AND TIME OF LATEST TRANSACTION | |
| control field | 20180518144024.0 |
| 008 - FIXED-LENGTH DATA ELEMENTS--GENERAL INFORMATION | |
| fixed length control field | 040621s2005 cau b 001 0 eng |
| 020 ## - INTERNATIONAL STANDARD BOOK NUMBER | |
| International Standard Book Number | 9780761927457 |
| 020 ## - INTERNATIONAL STANDARD BOOK NUMBER | |
| International Standard Book Number | 9780761927464 |
| 040 ## - CATALOGING SOURCE | |
| Original cataloging agency | SEU |
| 050 00 - LIBRARY OF CONGRESS CALL NUMBER | |
| Classification number | HA 31.2 |
| Item number | .C93 2005 |
| 100 1# - MAIN ENTRY--PERSONAL NAME | |
| Personal name | Czaja, Ronald. |
| 245 10 - TITLE STATEMENT | |
| Title | Designing surveys : |
| Remainder of title | a guide to decisions and procedures / |
| Statement of responsibility, etc. | Ronald Czaja, Johnny Blair. |
| 250 ## - EDITION STATEMENT | |
| Edition statement | 2nd ed. |
| 260 ## - PUBLICATION, DISTRIBUTION, ETC. (IMPRINT) | |
| Place of publication, distribution, etc. | Thousand Oaks, Calif. : |
| Name of publisher, distributor, etc. | Pine Forge Press, |
| Date of publication, distribution, etc. | 2005. |
| 300 ## - PHYSICAL DESCRIPTION | |
| Extent | xii, 301 p. ; |
| 504 ## - BIBLIOGRAPHY, ETC. NOTE | |
| Bibliography, etc | Includes bibliographical references (p. 285-293) and index. |
| 650 #0 - SUBJECT ADDED ENTRY--TOPICAL TERM | |
| Topical term or geographic name as entry element | Surveys. |
| 650 #0 - SUBJECT ADDED ENTRY--TOPICAL TERM | |
| Topical term or geographic name as entry element | Sampling (Statistics) |
| 700 1# - ADDED ENTRY--PERSONAL NAME | |
| Personal name | Blair, Johnny. |
| 942 ## - ADDED ENTRY ELEMENTS (KOHA) | |
| Source of classification or shelving scheme | Library of Congress Classification |
| Koha item type | General circulation |
| Withdrawn status | Lost status | Source of classification or shelving scheme | Damaged status | Not for loan | Home library | Current library | Shelving location | Date acquired | Source of acquisition | Total Checkouts | Full call number | Barcode | Date last seen | Price effective from | Koha item type |
|---|---|---|---|---|---|---|---|---|---|---|---|---|---|---|---|
| Library of Congress Classification | Kitui Town Campus Library | Kitui Town Campus Library | General Stacks | 18/05/2018 | Donation - Book Aid | HA 31.2 .C93 2005 | 2018/020557 | 18/05/2018 | 18/05/2018 | General circulation | |||||
| Library of Congress Classification | SEKU - Machakos Campus Library | SEKU - Machakos Campus Library | 09/07/2018 | HA 31.2 .C93 2005 | 09/07/2018 | 09/07/2018 | General circulation | ||||||||
| Library of Congress Classification | SEKU - Machakos Campus Library | SEKU - Machakos Campus Library | 09/07/2018 | HA 31.2 .C93 2005 | 09/07/2018 | 09/07/2018 | General circulation |